Carregando...
pathita
| Autor principal: | |
|---|---|
| Formato: | Printed Book |
| Idioma: | Hindi |
| LEADER | 00440cam a2200169ua 4500 | ||
|---|---|---|---|
| 020 | |c 2.00 | ||
| 041 | |a hin | ||
| 082 | |a 891.43 |b CHA/PA | ||
| 100 | |a Chatursen, Sastry . | ||
| 245 | |a pathita | ||
| 300 | |a 162 ; . | ||
| 365 | |a 2.00 | ||
| 504 | |||
| 541 | |e 1909 |h 2.00 | ||
| 942 | |c BK | ||
| 999 | |c 31661 |d 31661 | ||
| 952 | |0 0 |1 0 |4 0 |6 891_430000000000000 |7 0 |9 41830 |a KAUAET |b KAUAET |d 2012-04-07 |m 0 |o 891.43 |p KAU_KCAET-1909 |r 2012-04-07 |w 2012-04-07 |y BK | ||